000 00859nam a2200217Ia 4500
001 11104
003 GE_BSU
008 181216s||||||||xx |||||||||||||| ||und||
040 _cGE_BSU
080 _a014.12(038)
100 _aმიქაძე,გივი
245 _aფსევდონიმების ლექსიკონი.
245 _cრედ.ს.ხადური; მხატვ.გ.ლომიძე.
260 _aთბილისი
260 _bმეცნიერება.
260 _c1984.
300 _a139გვ;20სმ.
300 _eფსევდონიმების ანბანური საძიებელი გვ.63; ავტორთა ანბ.საძიებელი გვ.111.
653 _aფსევდონიმების ლექსიკონი.
942 _cBK
999 _c44343
_d44343